000 00753nam a2200205Ia 4500
005 20241129111243.0
008 241129s9999||||xx |||||||||||||| ||und||
037 _aTB
040 _aCRL
_bpun
_cCRL
041 _apun
_2pun
084 _aQ8441:21:g 153Q3
_qCRL
100 _aਸਾਗੂ, ਹਰਬੰਸ ਕੌਰ, ਥਦ।
_9162057
245 0 _aਗੁਰੂ ਗ੍ਰੰਥ ਸਾਹਿਬ: ਸਮਾਜਿਕ ਸਰੋਕਾਰ
_cਸਾਗੂ, ਹਰਬੰਸ ਕੌਰ, ਥਦ।
260 _aਦਿੱਲੀ, ਭਾਰਤ
_bਮਨਪ੍ਰੀਤ਼ ਪ੍ਰਕਾਸ਼ਨ
_c2013
300 _a173ਪ੍ਰ0
365 _aINR
_b440
650 _aSikhismReligion
942 _cTB
_hQ8441:21:g 153Q3
999 _c1229602
_d1229602